Evaluación de pérdidas totales de sacarosa en el área de cristalización durante el proceso de fabricación de azúcar de caña en el ingenio San Antonio ISA zafra 98/99
Explora una evaluación de pérdidas de sacarosa en los equipos del área de cristalización. Evalúa parámetros durante las cocciones de las masas cocidas en distintas etapas, agotamiento y rendimiento en cada cocción que fue realizada, rendimiento y agotamiento de sacarosa en cristalizadores con...
| Main Author: | |
|---|---|
| Other Authors: | |
| Format: | Tesis Section = Libro |
| Language: | Undetermined Spanish |
| Published: |
Managua
UNI
1999
|
| Subjects: |
| LEADER | 01664nam a2200265Ia 4500 | ||
|---|---|---|---|
| 008 | 240830s9999 xx 000 0 und d | ||
| 040 | |a BIBLIOTECA-RUSB/ Mon 658.1555 F676 | ||
| 041 | |a spa | ||
| 082 | |a Mon 658.1555 F676 | ||
| 100 | 1 | |a Fonseca Rodríguez, Amílcar Andrés | |
| 245 | 1 | 0 | |a Evaluación de pérdidas totales de sacarosa en el área de cristalización durante el proceso de fabricación de azúcar de caña en el ingenio San Antonio ISA zafra 98/99 |
| 260 | |a Managua |b UNI |c 1999 | ||
| 300 | |a 108 p. :il. | ||
| 500 | |a Contiene: anexos. | ||
| 502 | |a Tesis (Ingeniero Químico) - UNI, 1999. | ||
| 520 | 3 | |a Explora una evaluación de pérdidas de sacarosa en los equipos del área de cristalización. Evalúa parámetros durante las cocciones de las masas cocidas en distintas etapas, agotamiento y rendimiento en cada cocción que fue realizada, rendimiento y agotamiento de sacarosa en cristalizadores continuos, recirculación de miel final en el mingler, control de temperaturas durante el enfriamiento de las masas en los cristalizadores, temperatura de purga en las líneas de centrífugas continúas, determinación del porcentaje de inversión en las distintas etapas y la determinación de la zona óptima para cristalizaciones que se llevó a cabo en el techo número 9. | |
| 650 | 7 | |a ANALISIS Y PREVENCION DE PÉRDIDAS | |
| 650 | 7 | |b CRISTALIZACION PRODUCCION DE AZUCAR | |
| 650 | 7 | |c PRUEBAS, ANALISIS, CONTROL DE CALIDAD | |
| 650 | 7 | |d ANALISIS DE PREVENCION DE PERDIDAS | |
| 650 | 7 | |e CAÑA DE AZUCAR | |
| 700 | 1 | |a Tutor: |b Acevedo Lugo, Ernesto José | |
| 942 | |c BK |2 ddc | ||
| 991 | |a TESIS | ||
| 999 | |c 20589 | ||